000 00500nam a2200169Ia 4500
008 090201s9999 xx 000 0 und d
010 _aKPL-29339
040 _bमराठी
041 _aमराठी
082 _a31980
_b29339
100 _aमुक्ता केणेकर
245 _aवारसा
_cमुक्ता केणेकर
260 _c2004
_bविजय प्रकाशन
300 _a114
_bमोठा
600 _aवारसा
942 _cBOOK
999 _c230378
_d230378